00267 a2200097 4500000002500000020001800025100002100043245007000064260001800134999001700152 nam a22 7a 4500 a9781838933401 aMarrozzi, Justin aThe Arab conquests : the spread of Islam and the first caliphates bApollo,c2021 c86093d86093